| 000 -LEADER |
| fixed length control field |
01074nam a22000977a 4500 |
| 008 - FIXED-LENGTH DATA ELEMENTS--GENERAL INFORMATION |
| fixed length control field |
170123b xxu||||| |||| 00| 0 eng d |
| 100 ## - MAIN ENTRY--AUTHOR'S NAME |
| Author's Name |
Stever, Rex |
| 245 ## - TITLE STATEMENT |
| Title |
Handling the mails at Corpus Christi |
| 260 ## - PUBLICATION, DISTRIBUTION, ETC. (IMPRINT) |
| Place of publication, distribution, etc. |
Dallas |
| Name of publisher, distributor, etc. |
Taylor Publishing Co. |
| Date of publication, distribution, etc. |
1997 |
| 650 ## - TOPICAL TERM (Tag) |
| Topical term or geographic name |
United States -- Texas -- Corpus Christi | Postal Service | Post Offices | Postal History | Postal Markings | Covers | Pre-adhesive Covers | Fee Paid Mail | Free Franks | Postage Dues | Transportation of Mail | Postal Routes | Postal Officials | Postal Rates | Postal Stations | Postal Substations | Provisionals and Forerunners | United States -- History -- Civil War, 1861-1865 | Confederate States of America | Maritime Mail | Shipping Companies and Packet Service | International Mail | Railway Mail | Mobile Post Offices | Air Mail | Air Mail -- First Flights | Air Mail -- Flights | Machine Cancels | Slogan | Rural Free Delivery | Rural Mail | Post Offices | Post Offices, Discontinued | Precancels | Military Mail | United States. Navy. | Metered Mail | Anniversaries, Celebrations, etc. | Cachets | First Days |